000 00929cam a2200253 a 4500
020 _a0764123157
020 _a0764175769
020 _a0764175785
082 0 0 _a428.0076
_bSHA
_cN-01, P-146
100 1 _aSharpe, Pamela J.
_924868
245 1 0 _aHow to prepare for the TOEFL test :
_btest of English as a foreign language /
_cBarron, Pamela J. Sharpe.
250 _a11th ed.
260 _aHauppauge, N.Y. :
_bBarron's,
_c2004.
300 _ax, 740 p. :
_bill. ;
_c28 cm.
526 _a0
_b0
_c0
_d428_007600000000000_SHA
526 _a0
_b0
_c0
_d428_007600000000000_SHA
526 _a0
_b1
_c0
_d428_007600000000000_SHA
650 0 _aEnglish language
_xExaminations
_938860
650 0 _aMCE
_9379
650 0 _aTest of English as a Foreign Language
856 4 1 _uhttp://www.loc.gov/catdir/enhancements/fy0615/2003070920-t.html
856 4 2 _uhttp://www.loc.gov/catdir/enhancements/fy0615/2003070920-d.html
942 _2ddc
_cBK
999 _c543483
_d543483